000 00275nam a22001217a 4500
008 181022b xxu||||| |||| 00| 0 eng d
041 _aeng
080 _a030
100 _a23
101 _aENC
245 _aGreat Books of the Western World
_cHutchins,R.M
942 _2udc
_cBK
999 _c50484
_d50484